000 00527nam a22001697a 4500
999 _c40563
_d40563
003 OSt
005 20201203102450.0
008 191010b ||||| |||| 00| 0 eng d
020 _a9788188013883
040 _coclc
082 _a894.8124
_bJOS/B
100 _a Joseph, Sarah
_95650
245 _aBhagavat Githayude Adukkalayil Ezhuthukar Vevikkunathu /
_cSarah Joseph
260 _aKozhikode :
_bLipi Publications,
_cKozhikode:
300 _a91p
942 _2ddc
_cBK
_h894.8124
_iJOS/B
_k894.8124
_mJOS/B